| 000 | 00854nam a22002657a 4500 | ||
|---|---|---|---|
| 001 | 58508 | ||
| 003 | UA-OsUOA | ||
| 005 | 20211210125239.0 | ||
| 007 | ta | ||
| 008 | 20090213b un ||||| |||| 00| 0 ukr d | ||
| 020 | _a9668602234 | ||
| 040 |
_aUA-OsUOA _bukr _cUA-OsUOA _dUA-OsUOA |
||
| 041 | _aukr | ||
| 080 | _a94(477)+929+340 | ||
| 090 |
_a94(477)+929+340 _bВ19 |
||
| 100 | _aВасиленко М. П. | ||
| 245 | _aВибрані твори у трьох томах | ||
| 260 |
_aК. _bЮридична думка _c2006 |
||
| 300 | _a560 с. | ||
| 505 |
_gТ. 2 _tЮридичні праці |
||
| 650 | 7 |
_a340 Право в цілому. Пропедевтика. Методи та допоміжні правничі науки _2UDC |
|
| 942 |
_cBK _2udc |
||
| 955 | _a2 | ||
| 999 |
_c344589 _d344589 |
||